Joueurs de l'équipe de France jeunes par images - Statistiques

Statistiques générales
  • Ce quiz a été pris 35 fois
  • Le résultat moyen est 11 sur 12
Statistiques - réponses
Par images Réponse % Correct
Antoine Griezmann
100%
Benjamin Pavard
100%
Kylian Mbappé
100%
Olivier Giroud
100%
Adrien Rabiot
97%
Jules Koundé
97%
Lucas Digne
97%
Ousmane Dembélé
97%
Désiré Doué
94%
Marcus Thuram
94%
Alphonse Areola
91%
Presnel Kimpembe
78%
Aucun quiz correspondant
Distribution des résultats
% des personnes avec chaque résultat
Percentile par nombre de réponses
Votre historique - résultats
Vous n’avez pas pris ce quiz